Statistics for First Lines of Taylor Swift Songs

Click here to take the quiz!

General Stats

  • This quiz has been taken 1,569 times
    (1,561 since last reset)
  • The average score is 18 of 26

Answer Stats

First Line(s)Name of Song% Correct
We were both young when I first saw youLove Story
98%
You're on the phone with your girlfriend/She's upsetYou Belong With Me
94%
I stay out too late/Got nothing in my brainShake It Off
93%
It feels like a perfect night, to dress up like hipsters22
91%
Nice to meet you, where you been?Blank Space
88%
You, with your words like knivesMean
85%
Midnight, you come and pick me up/No headlightsStyle
82%
You were in college working part time waiting tablesMine
80%
Loving him is like driving a new Maserati down a dead-end streetRed
80%
He said, "Let's get out of this town"Wildest Dreams
78%
We were riding shotgun with my hair undoneOur Song
77%
I remember when we broke up the first timeWe Are Never Ever Getting Back Together
77%
You take a deep breath and you walk through the doorsFifteen
72%
I'm so glad you made time to see meBack to December
71%
I am not the kind of girl/Who should be rudely barging in on a white veil occasionSpeak Now
69%
There I was again tonight/Forcing laughter faking smilesEnchanted
64%
The drought was the very worstClean
58%
Your little hand is wrapped around my fingerNever Grow Up
56%
Looking at it now, it all seems so simpleOut of the Woods
56%
I'm pretty sure we almost broke up last nightStay Stay Stay
55%
People like you, always want back the love they gave awayAll You Had To Do Was Stay
52%
We're all bored, we're all so tired of everythingNew Romantics
50%
Walking through a crowd the village is aglowWelcome to New York
49%
Stand there like a ghost, shaking from the rainHow You Get the Girl
46%
Put your lips close to mineTreacherous
45%
It's 2AM, in your carI Wish You Would
42%

Score Distribution

Percentile by Number Answered

Percent of People with Each Score

Your Score History

You have not taken this quiz since the last reset